Routes de fiction - Statistiques

Statistiques générales
  • Ce quiz a été pris 34 fois
  • Le résultat moyen est 6 sur 15
Statistiques - réponses
Route de fiction Univers % Correct
Route Arc-en-Ciel Mario Kart
94%
Chemin des Elfes Le Seigneur des Anneaux
76%
Los Santos Freeway Grand Theft Auto V
65%
Grand Line One Piece
59%
Route Victoire Pokémon
53%
Promenade du Hérisson Sonic Prime
50%
Routes valyriennes Game of Thrones
44%
Chemin du Péril The Legend of Zelda: Ocarina of Time
41%
Chemin du Serpent Dragon Ball Z
26%
Route de brique jaune Le Magicien d'Oz
26%
Routes hyperspatiales Star Wars
26%
Route de Sovngarde The Elder Scrolls
24%
Route vers le Mont Chauve The Witcher
21%
Route de Rohr Frieren
0%
Route Astrale Kingdom Hearts II
0%
Aucun quiz correspondant
Distribution des résultats
% des personnes avec chaque résultat
Percentile par nombre de réponses
Votre historique - résultats
Vous n’avez pas pris ce quiz